Tuyển tập những bài hát được yêu thích trên làn sóng xanh
Tuyển chọn những bài hát được yêu thích trên làn sóng xanh như : Xa rồi mùa đông , Tóc gió thôi bay,..
Đã lưu trong:
| Tác giả chính: | |
|---|---|
| Định dạng: | Sách |
| Năm xuất bản: |
Tp.Hồ Chí Minh.
Nxb Trẻ
1998
|
| Chủ đề: | |
| Tags: |
Thêm thẻ
Không có thẻ, Hãy là người đầu tiên gắn thẻ bản ghi này!
|
| LEADER | 01572nam a2200217 4500 | ||
|---|---|---|---|
| 082 | |a 782.4209597 |b T527t | ||
| 100 | |a Nguyễn Nam | ||
| 245 | |a Tuyển tập những bài hát được yêu thích trên làn sóng xanh |c Nguyễn Nam, Văn Cường, Trần Tiến | ||
| 260 | |a Tp.Hồ Chí Minh. |b Nxb Trẻ |c 1998 | ||
| 300 | |a 54tr. |c 27cm | ||
| 520 | |a Tuyển chọn những bài hát được yêu thích trên làn sóng xanh như : Xa rồi mùa đông , Tóc gió thôi bay,.. | ||
| 653 | |a Âm nhạc | ||
| 653 | |a Bài hát yêu thích | ||
| 653 | |a Việt Nam | ||
| 942 | |2 ddc |c STK0 | ||
| 999 | |c 1109 |d 1109 | ||
| 952 | |0 0 |1 0 |2 ddc |4 0 |6 782_420959700000000_T527T |7 1 |8 700 |9 19599 |a qbu |b qbu |c D5 |d 2014-12-04 |g 11000 |l 2 |o 782.4209597 T527t |p 4836.C1 |r 2016-05-09 |s 2016-05-09 |w 2014-12-04 |y STK0 |0 0 |6 782_420959700000000_T527T | ||
| 952 | |0 0 |1 0 |2 ddc |4 0 |6 782_420959700000000_T527T |7 0 |8 700 |9 19600 |a qbu |b qbu |c D5 |d 2014-12-04 |g 11000 |o 782.4209597 T527t |p 4836.C2 |r 0000-00-00 |w 2014-12-04 |y STK0 |0 0 |6 782_420959700000000_T527T | ||
| 952 | |0 0 |1 0 |2 ddc |4 0 |6 782_420959700000000_T527T |7 0 |8 700 |9 19601 |a qbu |b qbu |c D5 |d 2014-12-04 |g 11000 |o 782.4209597 T527t |p 4836.C3 |r 0000-00-00 |w 2014-12-04 |y STK0 |0 0 |6 782_420959700000000_T527T | ||
| 952 | |0 0 |1 0 |2 ddc |4 0 |6 782_420959700000000_T527T |7 0 |8 700 |9 19602 |a qbu |b qbu |c D5 |d 2014-12-04 |g 11000 |o 782.4209597 T527t |p 4836.C4 |r 0000-00-00 |w 2014-12-04 |y STK0 |0 0 |6 782_420959700000000_T527T | ||
| 952 | |0 0 |1 0 |2 ddc |4 0 |6 782_420959700000000_T527T |7 0 |8 700 |9 19603 |a qbu |b qbu |c D5 |d 2014-12-04 |g 11000 |o 782.4209597 T527t |p 4836.C5 |r 0000-00-00 |w 2014-12-04 |y STK0 |0 0 |6 782_420959700000000_T527T | ||